000 00431nam a2200145 i 4500
001 bg
100 1 _aHorak, Janusz.
245 0 _aEksploatacja elektroenergetycznych sieci rozdzielczych :
_bwybrane zagadnienia oceny stanu pracy i obsługi ruchowej /
_cJ. Horak, J. Popczyk.
260 _aWarszawa,
_c1985.
700 1 _aPopczyk, Jan.
040 _cBPK
041 _apol
942 _cKS
008 s pl f |000 0 pol
999 _c5092
_d5092
856 _uhttp://koha.tu.koszalin.pl/cgi-bin/koha/opac-detail.pl?biblionumber=5092
_yKatalog online BPK